[Event "Bogota Navidad op"]
[Site "Bogota"]
[Date "2024.12.08"]
[Round "8"]
[White "Marulanda, Carlos Andres"]
[Black "Guarin Fonseca, Nobel Alfredo"]
[Result "0-1"]
[WhiteElo "1856"]
[BlackElo "1988"]
[PlyCount "38"]
[EventDate "2024.12.04"]
[EventType "swiss"]
[EventRounds "9"]
[EventCountry "COL"]
[SourceTitle "CB50_2024"]
[SourceDate "2024.11.01"]
[SourceVersion "1"]
[SourceVersionDate "2024.11.01"]
[SourceQuality "2"]

1. Nf3 Nf6 2. c4 e6 3. d4 d5 4. a3 dxc4 5. Qa4+ Nbd7 6. Bg5 Be7 7. Nbd2 0-0 8. Nxc4 c5 9. Rd1 Nb6 10. Qb3 Nxc4 11. Qxc4 Qb6 12. Bc1 cxd4 13. Nxd4 e5 14. Nf3 Be6 15. Qa4 Bb3 16. Qh4 Bxd1 17. Kxd1 Rfd8+ 18. Ke1 e4 19. Nd2 Rac8 0-1

[Event "Bogota Navidad op"]
[Site "Bogota"]
[Date "2024.12.05"]
[Round "2"]
[White "Rivera, Alberto"]
[Black "Marulanda, Carlos Andres"]
[Result "1-0"]
[WhiteElo "2276"]
[BlackElo "1856"]
[PlyCount "71"]
[EventDate "2024.12.04"]
[EventType "swiss"]
[EventRounds "9"]
[EventCountry "COL"]
[SourceTitle "CB50_2024"]
[SourceDate "2024.11.01"]
[SourceVersion "1"]
[SourceVersionDate "2024.11.01"]
[SourceQuality "2"]

1. d4 d5 2. Nf3 Nf6 3. c4 e6 4. Nc3 a6 5. Bg5 Be7 6. e3 0-0 7. Qc2 Nbd7 8. cxd5 Nxd5 9. Bxe7 Qxe7 10. Nxd5 exd5 11. Qxc7 Qb4+ 12. Qc3 Qd6 13. Bd3 b5 14. 0-0 Bb7 15. Rac1 Rfc8 16. Qa5 h5 17. Bf5 Rxc1 18. Rxc1 Nb6 19. b3 g6 20. Bh3 Kg7 21. g3 Rh8 22. Qc3 Bc8 23. Bxc8 Rxc8 24. Qb2 Rc7 25. Ne5 Nc8 26. Rc5 f6 27. Nd3 Ne7 28. Qc3 Rb7 29. Nf4 Kh6 30. Qc2 g5 31. Nxh5 Qe6 32. Qd1 Nf5 33. Qf3 Kg6 34. Rxd5 Rh7 35. Nf4+ gxf4 36. Qg4+ 1-0

[Event "Bogota District-ch"]
[Site "Bogota"]
[Date "2024.04.21"]
[Round "7"]
[White "Marulanda, Carlos Andres"]
[Black "Malagon Guzman, Juan Daniel"]
[Result "0-1"]
[WhiteElo "1899"]
[BlackElo "1837"]
[PlyCount "76"]
[EventDate "2024.04.17"]
[EventType "swiss"]
[EventRounds "7"]
[EventCountry "COL"]
[SourceTitle "CBM 220 Extra"]
[Source "ChessBase"]
[SourceDate "2024.07.31"]
[SourceVersion "1"]
[SourceVersionDate "2024.07.31"]
[SourceQuality "1"]

1. Nf3 d5 2. c4 e6 3. d4 Nf6 4. a3 Be7 5. Nc3 0-0 6. Bf4 c5 7. dxc5 Bxc5 8. e3 a5 9. Nb5 Nc6 10. Qc2 Qe7 11. Rc1 b6 12. Nfd4 Bb7 13. Nb3 e5 14. Bg5 d4 15. Nxc5 bxc5 16. Qf5 h6 17. Bxf6 Qxf6 18. Qxf6 gxf6 19. Nd6 Rab8 20. Ne4 Ba8 21. Nxf6+ Kg7 22. Nd7 Rxb2 23. Nxf8 Kxf8 24. Be2 e4 25. Bh5 d3 26. 0-0 Ne5 27. Rb1 Rxb1 28. Rxb1 Bc6 29. Bd1 Nxc4 30. Rc1 Nb2 31. Rxc5 Nxd1 32. Rxc6 Nc3 33. Rd6 Ke7 34. Rd4 Ne2+ 35. Kf1 Nxd4 36. exd4 Kd6 37. Ke1 Kd5 38. Kd2 Kxd4 0-1

[Event "Bogota District-ch"]
[Site "Bogota"]
[Date "2024.04.20"]
[Round "5"]
[White "Marulanda, Carlos Andres"]
[Black "Obando Guzman, Soren Federico"]
[Result "0-1"]
[WhiteElo "1899"]
[BlackElo "2066"]
[PlyCount "50"]
[EventDate "2024.04.17"]
[EventType "swiss"]
[EventRounds "7"]
[EventCountry "COL"]
[SourceTitle "CBM 220 Extra"]
[Source "ChessBase"]
[SourceDate "2024.07.31"]
[SourceVersion "1"]
[SourceVersionDate "2024.07.31"]
[SourceQuality "1"]

1. Nf3 c5 2. c4 Nf6 3. e3 g6 4. d4 Bg7 5. Nc3 0-0 6. d5 d6 7. h3 e5 8. e4 Na6 9. Bd3 Nc7 10. 0-0 Nfe8 11. Nh2 f5 12. f4 exf4 13. exf5 Bxf5 14. Rxf4 Bd4+ 15. Kh1 Ng7 16. Ne2 Be5 17. Rf3 Qd7 18. Bh6 b5 19. cxb5 Nxb5 20. Qc2 Na3 21. Qd2 Bxd3 22. Rxf8+ Rxf8 23. Qxd3 Bxb2 24. Rd1 Qa4 25. Nc3 Bxc3 0-1

[Event "Teusaquillo Rapid op"]
[Site "Teusaquillo"]
[Date "2023.03.05"]
[Round "7"]
[White "Marulanda, Carlos Andres"]
[Black "Angulo, Ariolfo"]
[Result "1-0"]
[WhiteElo "1795"]
[BlackElo "2005"]
[PlyCount "53"]
[EventDate "2023.03.04"]
[EventType "swiss (rapid)"]
[EventRounds "9"]
[EventCountry "COL"]
[SourceTitle "CBM 213 Extra"]
[Source "ChessBase"]
[SourceDate "2023.05.31"]
[SourceVersion "1"]
[SourceVersionDate "2023.05.31"]
[SourceQuality "1"]

1. Nf3 d5 2. c4 d4 3. b4 e6 4. Bb2 c5 5. bxc5 Bxc5 6. e3 e5 7. Nxe5 dxe3 8. fxe3 Nf6 9. Be2 0-0 10. 0-0 Qe7 11. Ng4 Nxg4 12. Bxg4 Nc6 13. Nc3 f5 14. Nd5 Qh4 15. Be2 Bd6 16. Nf4 g5 17. g3 Qh6 18. Nd5 Qh3 19. Bf3 Ne5 20. Bg2 Qh6 21. Rc1 Ng4 22. h3 Bxg3 23. Ne7+ Kf7 24. Nxf5 Bh2+ 25. Kh1 Bxf5 26. Rxf5+ Kg6 27. Rxf8 1-0

[Event "Bogota El Tablazo op-B"]
[Site "Bogota"]
[Date "2022.06.25"]
[Round "3.11"]
[White "Marulanda, Carlos Andres"]
[Black "Hurtado Sarmiento, Juan Sebastian"]
[Result "0-1"]
[WhiteElo "1844"]
[BlackElo "1982"]
[PlyCount "66"]
[EventDate "2022.06.24"]
[EventType "swiss"]
[EventRounds "7"]
[EventCountry "COL"]
[SourceTitle "EXT 2024"]
[Source "ChessBase"]
[SourceDate "2023.10.10"]
[SourceVersion "1"]
[SourceVersionDate "2023.10.10"]
[SourceQuality "1"]

1. Nf3 Nf6 2. c4 g6 3. Nc3 d5 4. d4 Bg7 5. Bf4 0-0 6. e3 c5 7. dxc5 Ne4 8. Rc1 Qa5 9. Qb3 Na6 10. Qb5 Bxc3+ 11. bxc3 Qxa2 12. cxd5 Qxf2+ 13. Kd1 Qa2 14. Rc2 Qa1+ 15. Rc1 Nxc3+ 16. Kc2 Qxc1+ 17. Kxc1 Nxb5 18. Bxb5 Nxc5 19. d6 Bd7 20. Bxd7 Nxd7 21. dxe7 Rfe8 22. Bd6 Rac8+ 23. Kb2 Rc6 24. Rd1 Nb6 25. Kb3 Nc8 26. Bb4 Nxe7 27. Rd7 Rb6 28. Ka4 Nc6 29. Bc5 Rb2 30. Ng5 Ne5 31. Rc7 h6 32. Ne4 b5+ 33. Ka3 Nc4# 0-1

[Event "Bogota Excalibur op"]
[Site "Bogota"]
[Date "2022.03.21"]
[Round "6"]
[White "Marulanda, Carlos Andres"]
[Black "Pena Canon, Javier Orlando"]
[Result "1-0"]
[WhiteElo "1816"]
[BlackElo "1535"]
[PlyCount "65"]
[EventDate "2022.03.18"]
[EventType "swiss"]
[EventRounds "7"]
[EventCountry "COL"]
[SourceTitle "CBM 207 Extra"]
[Source "ChessBase"]
[SourceDate "2022.05.31"]
[SourceVersion "1"]
[SourceVersionDate "2022.05.31"]
[SourceQuality "1"]

1. Nf3 Nf6 2. c4 d5 3. d4 e6 4. Bf4 c5 5. Nc3 dxc4 6. Qa4+ Bd7 7. Qxc4 cxd4 8. Nxd4 Nc6 9. Ndb5 e5 10. Bg5 Be7 11. Bxf6 Bxf6 12. Nd6+ Ke7 13. Rd1 Be6 14. Qc5 Qa5 15. Ndb5+ Ke8 16. b4 Be7 17. Qxe7+ Kxe7 18. bxa5 Nb4 19. a3 Nc2+ 20. Kd2 Bb3 21. Rb1 Rhd8+ 22. Kc1 Nd4 23. Nxd4 exd4 24. Rxb3 Rac8 25. e3 dxc3 26. Be2 Rd2 27. Rxc3 Rxc3+ 28. Kxd2 Rxa3 29. Rb1 Ra2+ 30. Kd3 Rxa5 31. Rxb7+ Ke6 32. Kd4 Rd5+ 33. Kc3 1-0

[Event "Bogota Excalibur op"]
[Site "Bogota"]
[Date "2022.03.18"]
[Round "1"]
[White "Linares Pulgarin, Frederic Andres"]
[Black "Marulanda, Carlos Andres"]
[Result "0-1"]
[WhiteElo "1959"]
[BlackElo "1816"]
[PlyCount "64"]
[EventDate "2022.03.18"]
[EventType "swiss"]
[EventRounds "7"]
[EventCountry "COL"]
[SourceTitle "CBM 207 Extra"]
[Source "ChessBase"]
[SourceDate "2022.05.31"]
[SourceVersion "1"]
[SourceVersionDate "2022.05.31"]
[SourceQuality "1"]

1. d4 d5 2. c4 e6 3. Nc3 Nf6 4. Bg5 Be7 5. cxd5 exd5 6. e3 c6 7. Bd3 Ne4 8. Bxe7 Qxe7 9. Bxe4 dxe4 10. Nge2 Nd7 11. 0-0 0-0 12. Qb3 Nb6 13. d5 cxd5 14. Nxd5 Nxd5 15. Qxd5 Rd8 16. Qc4 Bd7 17. Nd4 a6 18. Qc7 Qg5 19. Qxb7 Qg6 20. Kh1 Rab8 21. Qc7 Qb6 22. Qxb6 Rxb6 23. b3 Bb5 24. Rfc1 Rbb8 25. Rc5 Rbc8 26. Rac1 Rxc5 27. Rxc5 Bd3 28. h4 g6 29. Kh2 Rd7 30. Kg3 Kg7 31. a3 Rb7 32. h5 Kf6 0-1

[Event "Bogota Navidad op"]
[Site "Bogota"]
[Date "2019.12.08"]
[Round "6"]
[White "Marulanda, Carlos Andres"]
[Black "Sanz Alonso, Francisco Javier"]
[Result "0-1"]
[WhiteElo "1854"]
[BlackElo "2356"]
[PlyCount "24"]
[EventDate "2019.12.05"]
[EventType "swiss"]
[EventRounds "7"]
[EventCountry "COL"]
[SourceTitle "CBM 193 Extra"]
[Source "ChessBase"]
[SourceDate "2020.01.31"]
[SourceVersion "1"]
[SourceVersionDate "2020.01.31"]
[SourceQuality "1"]

1. Nf3 c5 2. c4 Nf6 3. Nc3 d5 4. cxd5 Nxd5 5. e4 Nb4 6. d3 N8c6 7. a3 Na6 8. Bf4 g6 9. Qe2 Bg7 10. Qd2 Na5 11. Rd1 Nb3 12. Qc2 Be6 0-1

[Event "Bogota Grand Prix Parada Bima 3rd"]
[Site "Bogota"]
[Date "2019.11.02"]
[Round "3.1"]
[White "Vargas Benavides, Mauricio"]
[Black "Marulanda, Carlos Andres"]
[Result "1-0"]
[WhiteElo "2160"]
[BlackElo "1825"]
[PlyCount "119"]
[EventDate "2019.11.02"]
[EventType "swiss"]
[EventRounds "6"]
[EventCountry "COL"]
[SourceTitle "EXT 2024"]
[Source "ChessBase"]
[SourceDate "2023.10.10"]
[SourceVersion "1"]
[SourceVersionDate "2023.10.10"]
[SourceQuality "1"]

1. d4 d5 2. c4 e6 3. Nf3 Nf6 4. g3 c5 5. Bg2 cxd4 6. Nxd4 Nc6 7. cxd5 exd5 8. 0-0 Be7 9. Nc3 0-0 10. Bf4 Qb6 11. Ndb5 d4 12. Nc7 dxc3 13. Nxa8 Qxb2 14. Nc7 Bf5 15. Nd5 Nxd5 16. Qxd5 Be6 17. Qe4 Bxa2 18. Qe3 Bf6 19. Bxc6 bxc6 20. Be5 Re8 21. Bxc3 Qxe2 22. Qxe2 Rxe2 23. Rfe1 Rxe1+ 24. Rxe1 h6 25. Bxf6 gxf6 26. Ra1 Bd5 27. Rxa7 Kg7 28. Kf1 Kg6 29. Ke2 Kg5 30. f3 h5 31. Ra8 f5 32. Rg8+ Kf6 33. Ke3 Be6 34. Kf4 c5 35. Rg5 c4 36. Rxh5 Kg6 37. Rg5+ Kf6 38. Rg8 Ke7 39. Ra8 Kd6 40. Ra5 Kc6 41. Ke3 Kd6 42. Kd4 Ke7 43. h4 Kf6 44. Rc5 Kg6 45. Ke5 Kh5 46. Kf6 Kh6 47. Ke5 Kh5 48. Kf4 Kg6 49. g4 fxg4 50. fxg4 Kh6 51. h5 Kg7 52. g5 Kh7 53. Ke5 Bg4 54. Rc6 c3 55. Kf4 Bd1 56. Kf5 c2 57. g6+ fxg6+ 58. hxg6+ Kg7 59. Rc7+ Kg8 60. Kf6 1-0

[Event "COL-ch Amateur U2000"]
[Site "Bogota"]
[Date "2017.03.04"]
[Round "5"]
[White "Ramirez Beltran, Francisco Javier"]
[Black "Marulanda, Carlos Andres"]
[Result "1-0"]
[WhiteElo "1955"]
[BlackElo "1820"]
[PlyCount "103"]
[EventDate "2017.03.02"]
[EventType "swiss"]
[EventRounds "7"]
[EventCountry "COL"]
[SourceTitle "CBM 177 Extra"]
[Source "ChessBase"]
[SourceDate "2017.04.27"]
[SourceVersion "1"]
[SourceVersionDate "2017.04.27"]
[SourceQuality "1"]

1. e4 e6 2. d4 d5 3. e5 c5 4. c3 Nc6 5. Nf3 cxd4 6. cxd4 Bb4+ 7. Nc3 Nge7 8. Bd3 Bd7 9. 0-0 Ng6 10. Be3 Rc8 11. Rc1 a6 12. a3 Bxc3 13. Rxc3 Na5 14. Rxc8 Qxc8 15. Qe2 0-0 16. Rc1 Qd8 17. b4 Nc6 18. g3 f5 19. Ng5 Qe8 20. f4 h6 21. Nf3 Na7 22. Qb2 Ne7 23. h4 Nec6 24. Kf2 Qd8 25. Nd2 Nc8 26. Nb3 Nb6 27. Nc5 Bc8 28. a4 Qe7 29. a5 Nd7 30. Nxa6 Ncxe5 31. dxe5 bxa6 32. b5 axb5 33. Qxb5 g5 34. hxg5 hxg5 35. a6 Bxa6 36. Qxa6 gxf4 37. Bxf4 Nc5 38. Qb5 Nxd3+ 39. Qxd3 Ra8 40. Rc2 Qb4 41. Bd2 Ra3 42. Bxb4 Rxd3 43. Rc7 Rb3 44. Bd6 Rb2+ 45. Ke3 Rg2 46. Kf3 Rg1 47. Re7 d4 48. Rxe6 d3 49. Bb4 Rb1 50. Bd2 Rd1 51. Bf4 Rh1 52. Ke3 1-0

[Event "Bogota Navidad op"]
[Site "Bogota"]
[Date "2016.12.10"]
[Round "6"]
[White "Marulanda, Carlos Andres"]
[Black "Valle, Efrain"]
[Result "0-1"]
[WhiteElo "1822"]
[BlackElo "2124"]
[PlyCount "84"]
[EventDate "2016.12.07"]
[EventType "swiss"]
[EventRounds "9"]
[EventCountry "COL"]
[SourceTitle "CBM 176 Extra"]
[Source "ChessBase"]
[SourceDate "2017.03.02"]
[SourceVersion "1"]
[SourceVersionDate "2017.03.02"]
[SourceQuality "1"]

1. e4 Nc6 2. Nf3 d6 3. Bb5 a6 4. Ba4 Nf6 5. d3 e5 6. h3 Be7 7. Be3 Bd7 8. Nbd2 0-0 9. Nf1 Nd4 10. Bxd7 Nxf3+ 11. gxf3 Nxd7 12. Ng3 Bg5 13. Qd2 Bxe3 14. fxe3 Qh4 15. Qg2 f5 16. 0-0-0 fxe4 17. fxe4 Qg5 18. Kb1 Kh8 19. Rdg1 Rf7 20. Qe2 Raf8 21. h4 Qe7 22. Nf5 Qe6 23. h5 Rg8 24. Rh2 Nf6 25. Rg6 d5 26. h6 gxh6 27. Rxg8+ Nxg8 28. Qg4 Qg6 29. Rg2 Qxg4 30. Rxg4 dxe4 31. dxe4 Ne7 32. Kc1 Nxf5 33. exf5 Rxf5 34. Kd2 h5 35. Rh4 Kg7 36. Kd3 Kg6 37. a4 Kg5 38. Rh2 h4 39. Ke4 Kg4 40. Rxh4+ Kxh4 41. Kxf5 h5 42. Kxe5 Kg5 0-1

[Event "Bogota Navidad op"]
[Site "Bogota"]
[Date "2016.12.09"]
[Round "5"]
[White "Rojas Diaz, James Ivan"]
[Black "Marulanda, Carlos Andres"]
[Result "0-1"]
[WhiteElo "1941"]
[BlackElo "1822"]
[PlyCount "70"]
[EventDate "2016.12.07"]
[EventType "swiss"]
[EventRounds "9"]
[EventCountry "COL"]
[SourceTitle "CBM 176 Extra"]
[Source "ChessBase"]
[SourceDate "2017.03.02"]
[SourceVersion "1"]
[SourceVersionDate "2017.03.02"]
[SourceQuality "1"]

1. e4 e6 2. d4 d5 3. exd5 exd5 4. Nf3 Nf6 5. c4 Bb4+ 6. Nc3 0-0 7. Bd3 Qe7+ 8. Be3 Ng4 9. 0-0 Bxc3 10. bxc3 Nxe3 11. fxe3 Qxe3+ 12. Kh1 dxc4 13. Bxc4 Nc6 14. Qc2 Bg4 15. Rae1 Qh6 16. Ne5 Nxe5 17. Rxe5 Be6 18. d5 Bd7 19. Qb2 Qd6 20. Rh5 g6 21. Rh4 b5 22. Qd2 f5 23. Bd3 Rae8 24. Rd4 Re5 25. Be2 Rfe8 26. Bf3 Bc8 27. c4 bxc4 28. Rxc4 Ba6 29. Rc6 Qe7 30. Rxa6 Re1 31. Qf2 Qe3 32. Qxe3 Rxf1+ 33. Qg1 Ree1 34. h3 Rxg1+ 35. Kh2 f4 0-1